000 00836cam a22002294a 4500
003 OSt
005 20260205132833.0
008 040422s2005 nyua b 001 0 eng
020 _a041595052X
_qhb : alk. paper
040 _aKABLIB
_cKABLIB
_beng
_erda
082 0 0 _a321.8
_223
_bHAL
100 1 _aHalperin, Morton H.
_915247
245 1 4 _aThe democracy advantage :
_bhow democracies promote prosperity and peace /
_cMorton H. Halperin, Joseph T. Siegle, and Michael M. Weinstein.
260 _aNew York :
_bRoutledge,
_c2005.
300 _axv, 290 p. :
_bill. ;
_c24 cm.
504 _aIncludes bibliographical references (p. 271-282) and index.
650 0 _aDemocracy.
650 0 _aEconomic development
_xPolitical aspects.
_915158
700 1 _aSiegle, Joseph T.,
_915339
700 1 _aWeinstein, Michael M.
_915340
942 _2ddc
_cBOOK
999 _c6055
_d6055